| 000 | 01066cam a22002654a 4500 | ||
|---|---|---|---|
| 001 | 12375305 | ||
| 005 | 20250304102337.0 | ||
| 008 | 010410s2001 cau b 001 0 eng | ||
| 020 | _a078795571X (alk. paper) | ||
| 050 | 0 | 0 |
_aHD42 _b.P48 2001 |
| 082 | 0 | 0 |
_a658.4/053 _221 |
| 100 | 1 |
_aPhillips, Barbara Ashley, _d1935- |
|
| 245 | 1 | 4 |
_aThe mediation field guide : _btranscending litigation and resolving conflicts in your business or organization / _cBarbara Ashley Phillips. |
| 250 | _a1st ed. | ||
| 260 |
_aSan Francisco : _bJossey-Bass, _cc2001. |
||
| 300 |
_axxvi, 321 p. ; _c24 cm. |
||
| 650 | 0 | _aConflict management. | |
| 650 | 0 | _aMediation. | |
| 650 | 0 | _aMediation and conciliation, Industrial. | |
| 650 | 0 | _aDispute resolution (Law) | |
| 856 | 4 | 2 |
_3Contributor biographical information _uhttp://www.loc.gov/catdir/bios/wiley043/2001002180.html |
| 856 | 4 | 2 |
_3Publisher description _uhttp://www.loc.gov/catdir/description/wiley035/2001002180.html |
| 856 | 4 |
_3Table of Contents _uhttp://www.loc.gov/catdir/toc/onix06/2001002180.html |
|
| 942 |
_2lcc _cBK _n0 |
||
| 999 |
_c4507 _d4507 |
||